logo

Bir Sreshtho Munshi Abdur Rouf Library
Jhenaidah Cadet College

আমি বাবাকে ভালোবাসি / (Record no. 6869)

MARC details
000 -LEADER
fixed length control field 00708nam a2200229 a 4500
001 - CONTROL NUMBER
JCCL Control Number 6869
003 - CONTROL NUMBER IDENTIFIER
JCCL marc code BD-JhCC
005 - DATE AND TIME OF LATEST TRANSACTION
control field 20180206131340.0
008 - FIXED-LENGTH DATA ELEMENTS--GENERAL INFORMATION
fixed length control field 171021s2008 bg ||||| ||a| 000 0 ben d
020 ## - INTERNATIONAL STANDARD BOOK NUMBER
International Standard Book Number 9847013800217
035 ## - SYSTEM CONTROL NUMBER
system control number (BD-JhCC)6869
040 ## - CATALOGING SOURCE
Original cataloging agency BD-JhCC
Modifying agency BD-JhCC
041 ## - LANGUAGE CODE
Language code of Book ben
082 ## - DEWEY DECIMAL CLASSIFICATION NUMBER
Classification number 891.4435
Author mark and Year HAQ 2008
100 ## - MAIN ENTRY--PERSONAL NAME
Personal name হক, আনোয়ারা সৈয়দ
245 ## - TITLE STATEMENT
Title আমি বাবাকে ভালোবাসি /
Statement of responsibility, etc আনোয়ারা সৈয়দ হক
260 ## - PUBLICATION, DISTRIBUTION, ETC. (IMPRINT)
Place of publication, distribution, etc ঢাকা :
Name of publisher, distributor, etc বিদ্যা প্রকাশনী,
Date of publication, distribution, etc 2008.
300 ## - PHYSICAL DESCRIPTION
Pagination 86 p. :
Dimensions 21 cm.
650 ## - SUBJECT ADDED ENTRY--TOPICAL TERM
Topical term or geographic name as entry element Life Story
942 ## - ADDED ENTRY ELEMENTS (KOHA)
Source of classification or shelving scheme Dewey Decimal Classification
Koha item type Books
Holdings
Source of classification or shelving scheme Damaged status Not for loan Home library Current library Shelving location Date of accession Cost, normal purchase price Total Checkouts Full call number Barcode Date last seen Date checked out Copy number Koha item type
Dewey Decimal Classification     JCC Rouf Library JCC Rouf Library General Stacks 01/31/2018 100.00 1 891.4435 HAQ 2008 9356 07/10/2024 07/08/2024 C-1 Books

JCC Library | Contacts | JCC Home

Last Update on 23 September 2017
Copyright @ 2017-2020 JCC Rouf Library
Rouf Library, Jhenidah Cadet College (JCC), Bangladesh